[Event "Mecklenburg VP-chA"]
[Site "Greifswald"]
[Date "2024.03.25"]
[Round "5"]
[White "Ederle, Artoem"]
[Black "Schulz, Gerhard1"]
[Result "0-1"]
[WhiteElo "1752"]
[BlackElo "1934"]
[PlyCount "76"]
[EventDate "2024.03.23"]
[EventType "swiss"]
[EventRounds "7"]
[EventCountry "GER"]
[SourceTitle "CB14_2024"]
[SourceDate "2024.04.01"]
[SourceVersion "1"]
[SourceVersionDate "2024.04.01"]
[SourceQuality "1"]

1. e4 d5 2. exd5 Qxd5 3. Nc3 Qd6 4. Nf3 Nf6 5. d4 c6 6. Be2 Bg4 7. Be3 e6 8. Qd2 Qc7 9. h3 Bh5 10. g4 Bg6 11. Ne5 Bb4 12. Nxg6 hxg6 13. a3 Ne4 14. Qd3 Bxc3+ 15. bxc3 Nf6 16. c4 Nbd7 17. f4 Rd8 18. Qb3 Ne4 19. Bf3 Nef6 20. Kf2 0-0 21. h4 b6 22. h5 gxh5 23. Rag1 hxg4 24. Bxg4 Nxg4+ 25. Rxg4 Nf6 26. Rgh4 g6 27. Qd3 Kg7 28. f5 Rh8 29. Bh6+ Kg8 30. Qe3 exf5 31. Bf8 Rxh4 32. Rxh4 Ng4+ 33. Rxg4 fxg4 34. Bb4 Qd7 35. Bc3 Re8 36. Qg3 Qf5+ 37. Kg1 Qxc2 38. d5 Qd1+ 0-1

[Event "Mecklenburg VP-chA"]
[Site "Greifswald"]
[Date "2024.03.24"]
[Round "4"]
[White "Ederle, Artoem"]
[Black "Buss, Stephan"]
[Result "0-1"]
[WhiteElo "1752"]
[BlackElo "1981"]
[PlyCount "66"]
[EventDate "2024.03.23"]
[EventType "swiss"]
[EventRounds "7"]
[EventCountry "GER"]
[SourceTitle "CB14_2024"]
[SourceDate "2024.04.01"]
[SourceVersion "1"]
[SourceVersionDate "2024.04.01"]
[SourceQuality "1"]

1. e4 Nc6 2. Nf3 f5 3. exf5 d5 4. d4 Bxf5 5. Bf4 a6 6. Nh4 e6 7. Nxf5 exf5 8. c3 Bd6 9. Bxd6 Qxd6 10. Bd3 g6 11. 0-0 Nf6 12. Re1+ Kf7 13. Nd2 Rae8 14. Nf3 h6 15. Rxe8 Rxe8 16. Qc2 Qf4 17. Rd1 Ne4 18. Qb3 Qd6 19. Ne5+ Nxe5 20. dxe5 Qxe5 21. c4 Nc5 22. Qc2 Nxd3 23. Qxd3 Qe1+ 24. Qf1 Qxf1+ 25. Kxf1 dxc4 26. a4 b5 27. b3 cxb3 28. axb5 a5 29. Rc1 Re7 30. Ra1 Ke8 31. f4 Kd7 32. Ra3 Re3 33. Kf2 b2 0-1

[Event "Mecklenburg VP-chA"]
[Site "Greifswald"]
[Date "2024.03.23"]
[Round "2"]
[White "Scharf, Christian"]
[Black "Ederle, Artoem"]
[Result "1-0"]
[WhiteElo "1789"]
[BlackElo "1752"]
[PlyCount "77"]
[EventDate "2024.03.23"]
[EventType "swiss"]
[EventRounds "7"]
[EventCountry "GER"]
[SourceTitle "CB14_2024"]
[SourceDate "2024.04.01"]
[SourceVersion "1"]
[SourceVersionDate "2024.04.01"]
[SourceQuality "1"]

1. e4 c5 2. Nf3 e6 3. d4 cxd4 4. Nxd4 Nc6 5. Nc3 Qc7 6. Be3 Nf6 7. Be2 Bb4 8. Ndb5 Qb8 9. a3 Be7 10. 0-0 a6 11. Nd4 b5 12. Bf3 Ne5 13. Be2 Bb7 14. f3 Nc4 15. Bxc4 bxc4 16. Qe2 Qc7 17. Rfd1 d5 18. exd5 Nxd5 19. Nxd5 Bxd5 20. c3 0-0 21. Nf5 Bf6 22. Bd4 e5 23. Bxe5 Bxe5 24. Rxd5 Rfe8 25. Qf2 Bxh2+ 26. Kh1 Re5 27. Qd4 f6 28. Rd7 Qc5 29. Rxg7+ Kf8 30. Rxh7 Rb8 31. Qxc5+ Rxc5 32. Kxh2 Kg8 33. Rh5 Re5 34. Nh6+ Kg7 35. Rxe5 fxe5 36. Ng4 e4 37. fxe4 Rxb2 38. e5 Rc2 39. Rf1 1-0

[Event "Greifswald Springer op"]
[Site "Greifswald"]
[Date "2023.10.14"]
[Round "6"]
[White "Ederle, Artoem"]
[Black "Johlke, Lorenz"]
[Result "1-0"]
[WhiteElo "1488"]
[BlackElo "1650"]
[PlyCount "87"]
[EventDate "2023.10.12"]
[EventType "swiss"]
[EventRounds "7"]
[EventCountry "GER"]
[SourceTitle "Mega2024 Update 01"]
[Source "Chessbase"]
[SourceDate "2023.11.12"]
[SourceVersion "1"]
[SourceVersionDate "2023.11.12"]
[SourceQuality "1"]

1. e4 g6 2. Nf3 Bg7 3. d4 e6 4. Bg5 Ne7 5. c4 0-0 6. Nc3 h6 7. Bh4 d6 8. e5 a6 9. Be2 Nd7 10. exd6 cxd6 11. h3 Nf6 12. Bg3 b6 13. 0-0 Bb7 14. Qd3 Rc8 15. Rac1 d5 16. b3 Ne4 17. Bh2 Nf5 18. Rfd1 Nxc3 19. Rxc3 Qe7 20. Ne5 Rfd8 21. g4 Nd6 22. Qe3 a5 23. f3 Ne8 24. Qc1 Ba6 25. Rd2 Bb7 26. c5 bxc5 27. Rxc5 Rxc5 28. dxc5 Nc7 29. c6 Bc8 30. Rc2 Qb4 31. Nxg6 fxg6 32. Bxc7 Rf8 33. Qd2 Qe7 34. Qxa5 Qh4 35. Kg2 Bd4 36. Bg3 Qf6 37. b4 h5 38. b5 e5 39. b6 hxg4 40. hxg4 Be6 41. b7 e4 42. f4 Rb8 43. Qc7 Qf8 44. f5 1-0

[Event "Greifswald op"]
[Site "Greifswald"]
[Date "2023.01.07"]
[Round "3"]
[White "Pawlicz, Filip"]
[Black "Ederle, Artoem"]
[Result "1-0"]
[WhiteElo "1290"]
[BlackElo "1518"]
[PlyCount "83"]
[EventDate "2023.01.06"]
[EventType "swiss"]
[EventRounds "5"]
[EventCountry "GER"]
[SourceTitle "CBM 212 Extra"]
[Source "ChessBase"]
[SourceDate "2023.03.31"]
[SourceVersion "1"]
[SourceVersionDate "2023.03.31"]
[SourceQuality "1"]

1. g3 Nf6 2. c4 c6 3. Bg2 d5 4. cxd5 cxd5 5. Nf3 d4 6. d3 Nc6 7. Bf4 Nd5 8. Bd2 e5 9. Qb3 Nb6 10. Ng5 Qf6 11. 0-0 h6 12. Ne4 Qe6 13. f4 Qxb3 14. axb3 Be6 15. b4 Nxb4 16. Bxb4 Bxb4 17. fxe5 0-0 18. Nbd2 Nd5 19. Nf3 Ne3 20. Rfc1 Rfd8 21. Rc7 Rd7 22. Rxd7 Bxd7 23. Nxd4 Nxg2 24. Kxg2 a5 25. Rc1 Rc8 26. Rxc8+ Bxc8 27. Nc2 Be7 28. d4 b5 29. Kf3 Bb7 30. Ke3 Kf8 31. Kd3 Ke8 32. h4 f5 33. exf6 Bxe4+ 34. Kxe4 Bxf6 35. h5 Kd7 36. Kd5 Be7 37. Na3 b4 38. Nc4 Bd8 39. Ne5+ Ke7 40. Nc6+ Kd7 41. Nxd8 Kxd8 42. Kc5 1-0

[Event "Mecklenburg VP LL2 Ost 2223"]
[Site "Mecklenburg VP"]
[Date "2022.12.11"]
[Round "4.2"]
[White "Ederle, Artoem"]
[Black "Kloepzig, Mathis Lennart"]
[Result "0-1"]
[WhiteElo "1518"]
[BlackElo "1294"]
[PlyCount "102"]
[EventDate "2022.10.23"]
[EventType "team-tourn"]
[EventRounds "9"]
[EventCountry "GER"]
[SourceTitle "EXT 2024"]
[Source "ChessBase"]
[SourceDate "2023.10.10"]
[SourceVersion "1"]
[SourceVersionDate "2023.10.10"]
[SourceQuality "1"]
[WhiteTeam "Greifswald II"]
[BlackTeam "Gryps SV"]
[WhiteTeamCountry "GER"]
[BlackTeamCountry "GER"]

1. e4 e6 2. d4 d5 3. exd5 exd5 4. Bd3 Nf6 5. Nf3 Bd6 6. 0-0 0-0 7. Bg5 Bg4 8. Nbd2 Nbd7 9. h3 Bh5 10. c4 c6 11. c5 Bc7 12. Qc2 Qb8 13. b4 Bf4 14. g3 Bxg3 15. fxg3 Qxg3+ 16. Kh1 Qxh3+ 17. Nh2 Ng4 18. Ndf3 Bg6 19. Rae1 Nxh2 20. Qxh2 Qxh2+ 21. Kxh2 Bxd3 22. Rg1 Rfe8 23. Bh6 g6 24. Kg3 Be4 25. Ng5 f6 26. Nxe4 Rxe4 27. Rxe4 dxe4 28. Be3 f5 29. a4 Nf6 30. b5 Nd5 31. Bf4 Nxf4 32. Kxf4 Re8 33. Ke3 Kg7 34. Rb1 Re7 35. a5 cxb5 36. Rxb5 a6 37. Rb1 Kf7 38. d5 Rc7 39. d6 Rxc5 40. Rxb7+ Ke8 41. Rxh7 Rd5 42. d7+ Rxd7 43. Rh1 Ke7 44. Rb1 Rd6 45. Rb7+ Kf6 46. Rb6 Ke5 47. Rb8 f4+ 48. Ke2 f3+ 49. Ke3 Rd3+ 50. Kf2 Rd2+ 51. Ke1 Ra2 0-1

[Event "Greifswald Ryck op 23rd"]
[Site "Greifswald"]
[Date "2022.07.09"]
[Round "6"]
[White "Petrova, Elizaveta1111"]
[Black "Ederle, Artoem"]
[Result "1-0"]
[WhiteElo "1716"]
[BlackElo "1562"]
[PlyCount "53"]
[EventDate "2022.07.06"]
[EventType "swiss"]
[EventRounds "7"]
[EventCountry "GER"]
[SourceTitle "EXT 2023"]
[Source "ChessBase"]
[SourceDate "2022.10.05"]
[SourceVersion "1"]
[SourceVersionDate "2022.10.05"]
[SourceQuality "1"]

1. d4 Nf6 2. c4 c5 3. e3 g6 4. Nf3 Bg7 5. Bd3 d6 6. h3 Nc6 7. a3 cxd4 8. exd4 e6 9. 0-0 0-0 10. Nc3 a6 11. Bg5 b6 12. d5 Ne5 13. Nxe5 dxe5 14. Qf3 h6 15. Bxf6 Bxf6 16. d6 Ra7 17. Rfd1 Rd7 18. Be4 Bg7 19. Qd3 f5 20. Bc6 Ra7 21. d7 Bb7 22. Qd6 Bxc6 23. Qxc6 Rf7 24. Qxe6 Bf6 25. Nd5 Raxd7 26. Nxf6+ Qxf6 27. Qe8+ 1-0

[Event "Neubrandenburg-chB"]
[Site "Neubrandenburg"]
[Date "2022.04.10"]
[Round "3"]
[White "Ederle, Artoem"]
[Black "Schulz, Gerhard1111"]
[Result "1/2-1/2"]
[WhiteElo "1547"]
[BlackElo "1844"]
[PlyCount "126"]
[EventDate "2022.04.09"]
[EventType "swiss"]
[EventRounds "7"]
[EventCountry "GER"]
[SourceTitle "CBM 207 Extra"]
[Source "ChessBase"]
[SourceDate "2022.05.31"]
[SourceVersion "1"]
[SourceVersionDate "2022.05.31"]
[SourceQuality "1"]

1. e4 d5 2. exd5 Qxd5 3. Nc3 Qd6 4. Nf3 Nf6 5. d4 c6 6. Bc4 Bg4 7. Be3 e6 8. 0-0 Be7 9. Re1 0-0 10. Qe2 Nbd7 11. Rad1 Nb6 12. Bb3 Nbd5 13. Nxd5 cxd5 14. Bg5 Rfc8 15. Rd3 b5 16. Qe3 Bf5 17. Bf4 Qd8 18. Rd2 Ne4 19. Rde2 Bg4 20. h3 Bh5 21. g4 Bg6 22. Ne5 Nd6 23. Nxg6 hxg6 24. Bxd5 exd5 25. Qxe7 Qxe7 26. Rxe7 Nc4 27. Rb7 Re8 28. Rxe8+ Rxe8 29. Rxb5 Re2 30. Rxd5 Nxb2 31. Rd8+ Kh7 32. d5 Rxc2 33. Rd7 Nd3 34. Be3 Rxa2 35. Rxf7 Ra5 36. Bd4 Rxd5 37. Rxg7+ Kh6 38. Bf6 g5 39. Rxa7 Nf4 40. Ra3 Rd1+ 41. Kh2 Rd2 42. Ra5 Rxf2+ 43. Kg3 Nd3 44. Bxg5+ Kg6 45. Kh4 Rf3 46. Ra6+ Kg7 47. Ra3 Kg6 48. Be7 Re3 49. Bc5 Rf3 50. Bd4 Kf7 51. g5 Rf4+ 52. Kh5 Rxd4 53. Ra7+ Ke6 54. h4 Nf4+ 55. Kh6 Rd6 56. g6 Nxg6 57. Kxg6 Ke5+ 58. Kg7 Kf5 59. h5 Kg5 60. Ra5+ Kh4 61. h6 Rd7+ 62. Kg8 Rd8+ 63. Kf7 Rd7+ 1/2-1/2

[Event "Mecklenburg VP-ch U14"]
[Site "Malchow"]
[Date "2019.02.03"]
[Round "3.7"]
[White "Ederle, Artoem"]
[Black "Kirchner, Bao Long Marc"]
[Result "1-0"]
[WhiteElo "1241"]
[BlackElo "1077"]
[PlyCount "75"]
[EventDate "2019.02.02"]
[EventType "swiss"]
[EventRounds "7"]
[EventCountry "GER"]
[SourceTitle "EXT 2022"]
[Source "ChessBase"]
[SourceDate "2021.10.06"]
[SourceVersion "1"]
[SourceVersionDate "2021.10.06"]
[SourceQuality "1"]

1. d4 d5 2. c4 e6 3. Bf4 Nf6 4. Nc3 Nc6 5. a3 Bd6 6. Bg3 Bxg3 7. hxg3 0-0 8. e3 h6 9. Qc2 e5 10. 0-0-0 Be6 11. cxd5 Bxd5 12. dxe5 Nxe5 13. Nxd5 Nxd5 14. e4 Qg5+ 15. f4 Nxf4 16. gxf4 Qxf4+ 17. Kb1 a6 18. Rd5 Rad8 19. Rxd8 Rxd8 20. Ne2 Qf6 21. Nc3 c6 22. Be2 Qf2 23. Rd1 Re8 24. Bd3 Qe3 25. Qe2 Qd4 26. Bxa6 Qb6 27. Bc4 Ra8 28. Ka2 Ra5 29. g4 Qb4 30. Rd4 b5 31. Bxf7+ Nxf7 32. Rxb4 Nd6 33. e5 Nc4 34. e6 Kf8 35. a4 Ke8 36. b3 Nd6 37. Qe5 Nc8 38. Qc7 1-0

[Event "Mecklenburg VP-ch U14"]
[Site "Malchow"]
[Date "2019.02.02"]
[Round "1.9"]
[White "Ederle, Artoem"]
[Black "Kraemer, Bruno"]
[Result "1-0"]
[WhiteElo "1241"]
[BlackElo "870"]
[PlyCount "59"]
[EventDate "2019.02.02"]
[EventType "swiss"]
[EventRounds "7"]
[EventCountry "GER"]
[SourceTitle "EXT 2022"]
[Source "ChessBase"]
[SourceDate "2021.10.06"]
[SourceVersion "1"]
[SourceVersionDate "2021.10.06"]
[SourceQuality "1"]

1. d4 d5 2. c4 c6 3. Nc3 Nf6 4. Bf4 Bf5 5. Nf3 g6 6. e3 Bg7 7. Bd3 e6 8. h3 h5 9. Qe2 Bxd3 10. Qxd3 b6 11. 0-0-0 Nbd7 12. Bg5 Bh6 13. Bh4 Qe7 14. g4 0-0-0 15. g5 Bg7 16. gxf6 Bxf6 17. Bxf6 Qxf6 18. Nd2 Kb7 19. e4 dxe4 20. Ndxe4 Qe7 21. d5 exd5 22. cxd5 cxd5 23. Qxd5+ Kb8 24. Rhe1 Rhe8 25. Nd6 Ne5 26. Rxe5 Qd7 27. Rxe8 Rxe8 28. Nxe8 Qxe8 29. Qd8+ Qxd8 30. Rxd8+ 1-0

[Event "Mecklenburg VP-ch U14"]
[Site "Malchow"]
[Date "2018.02.07"]
[Round "3.6"]
[White "Johlke, Lukas"]
[Black "Ederle, Artoem"]
[Result "1-0"]
[WhiteElo "1406"]
[BlackElo "1221"]
[PlyCount "117"]
[EventDate "2018.02.07"]
[EventType "swiss"]
[EventRounds "7"]
[EventCountry "GER"]
[SourceTitle "EXT 2022"]
[Source "ChessBase"]
[SourceDate "2021.10.06"]
[SourceVersion "1"]
[SourceVersionDate "2021.10.06"]
[SourceQuality "1"]

1. e4 e5 2. Nf3 Nc6 3. Bb5 Nf6 4. d3 a6 5. Ba4 b5 6. Bb3 d5 7. exd5 Nxd5 8. h3 Bc5 9. 0-0 0-0 10. Re1 Re8 11. Nc3 Nf4 12. Bxf4 exf4 13. Qd2 Bd6 14. Ne4 Bb7 15. Nxd6 Qxd6 16. Rxe8+ Rxe8 17. Re1 Re7 18. Ng5 Qf6 19. Nxf7 Kf8 20. Rxe7 Qxe7 21. Kf1 Qf6 22. Qc3 Nd4 23. Qxc7 Nxb3 24. Qb8+ Kxf7 25. Qxb7+ Kg6 26. Qe4+ Kh6 27. axb3 Qxb2 28. Qxf4+ Kg6 29. Qg4+ Kh6 30. Qd1 Qd4 31. g4 Kg5 32. Kg2 Kh4 33. Qe2 Qd5+ 34. f3 Qd6 35. Qe1+ Kg5 36. h4+ Kf6 37. Qe4 g6 38. g5+ Kf7 39. h5 a5 40. Qb7+ Qe7 41. Qxb5 Qe2+ 42. Kg3 Qe1+ 43. Kf4 Qc1+ 44. Ke4 Qe1+ 45. Kd4 gxh5 46. Qf5+ Kg8 47. Qd5+ Kf8 48. Qd6+ Qe7 49. Qxe7+ Kxe7 50. Ke4 Kf7 51. Kf4 Kg6 52. c4 Kf7 53. Kg3 Ke6 54. Kh4 Kd6 55. Kxh5 Kc5 56. Kh6 Kb4 57. c5 Kxb3 58. c6 a4 59. c7 1-0

[Event "Mecklenburg VP-ch U14"]
[Site "Malchow"]
[Date "2018.02.07"]
[Round "7.6"]
[White "Kallweit, Paul"]
[Black "Ederle, Artoem"]
[Result "1-0"]
[WhiteElo "1604"]
[BlackElo "1221"]
[PlyCount "121"]
[EventDate "2018.02.07"]
[EventType "swiss"]
[EventRounds "7"]
[EventCountry "GER"]
[SourceTitle "EXT 2022"]
[Source "ChessBase"]
[SourceDate "2021.10.06"]
[SourceVersion "1"]
[SourceVersionDate "2021.10.06"]
[SourceQuality "1"]

1. d4 d5 2. Bf4 Bf5 3. e3 Nf6 4. Bd3 Bxd3 5. Qxd3 e6 6. Nd2 Bd6 7. Bg3 Nc6 8. Ngf3 Qe7 9. c3 h6 10. e4 dxe4 11. Nxe4 Nxe4 12. Qxe4 0-0-0 13. a4 g5 14. Bxd6 Qxd6 15. 0-0 f5 16. Qe2 Rhg8 17. Rfe1 Rde8 18. b4 g4 19. Ne5 Re7 20. Qd2 Nxe5 21. Rxe5 Rg6 22. Rae1 Rf7 23. Qe2 Rff6 24. d5 Kd7 25. Qb5+ Kc8 26. Qe8+ Qd8 27. Rxe6 Rxe6 28. Rxe6 Qxe8 29. Rxe8+ Kd7 30. Re5 f4 31. Kf1 f3 32. gxf3 gxf3 33. Rf5 Rg2 34. Rxf3 Rxh2 35. Kg1 Rh4 36. Kg2 Rc4 37. Rh3 c6 38. dxc6+ Rxc6 39. Rd3+ Kc7 40. Kg3 Kb6 41. Kg4 a5 42. Rd5 axb4 43. Rb5+ Kc7 44. cxb4 Rg6+ 45. Kh5 Rf6 46. Rc5+ Kb8 47. Rc2 Rf4 48. Rb2 Rf6 49. Kg4 Kc7 50. f4 b5 51. a5 h5+ 52. Kg5 Rf8 53. f5 h4 54. Kg6 h3 55. Rh2 Rh8 56. f6 Rh4 57. Kg5 Rh8 58. f7 Kd7 59. Kg6 Ke7 60. Kg7 Rf8 61. Re2+ 1-0

[Event "Mecklenburg VP-ch Youth"]
[Site "Malchow"]
[Date "2017.02.14"]
[Round "4.8"]
[White "Ederle, Artoem"]
[Black "Scharf, Christian"]
[Result "0-1"]
[WhiteElo "868"]
[BlackElo "1015"]
[PlyCount "84"]
[EventDate "2017.02.08"]
[EventType "swiss"]
[EventRounds "7"]
[EventCountry "GER"]
[SourceTitle "EXT 2022"]
[Source "ChessBase"]
[SourceDate "2021.10.06"]
[SourceVersion "1"]
[SourceVersionDate "2021.10.06"]
[SourceQuality "1"]

1. d4 d5 2. Bf4 Bf5 3. Nf3 Nc6 4. e3 a6 5. c4 Nf6 6. a3 e6 7. Nc3 Nb8 8. b4 b6 9. Bd3 dxc4 10. Bxc4 b5 11. Bd3 Bg6 12. Bxg6 fxg6 13. Rc1 Bd6 14. Be5 0-0 15. Qb3 Qe7 16. 0-0 Nfd7 17. Bxd6 Qxd6 18. Ne4 Qd5 19. Qxd5 exd5 20. Nc5 Nxc5 21. Rxc5 c6 22. Ne5 Rc8 23. Rfc1 a5 24. Nxc6 Nxc6 25. Rxc6 Rxc6 26. Rxc6 axb4 27. Rb6 bxa3 28. h3 a2 29. Rxb5 a1Q+ 30. Kh2 Ra5 31. Rb8+ Kf7 32. Rb7+ Ke8 33. Rb8+ Kd7 34. Rb7+ Kc6 35. Rxg7 Qf1 36. Rf7 Ra2 37. Rf6+ Kb5 38. Rf7 Rxf2 39. Kg3 Rxf7 40. h4 h5 41. Kh2 Rf2 42. Kh3 Qxg2# 0-1